000 00238nam a2200097Ia 4500
001 682975
005 20250826161429.0
008 250824s9999 xx 000 0 und d
245 0 _aKAYI II
_cAHMET ŞİMŞİRGİL
260 _bTİMAŞ YAYINLARI
999 _c682975
_d682975